000 00741nam a2200241 a 4500
001 99
005 20221127085843.0
008 050920s lxxua | 00000|eng d
020 _a0071238360(intern. ed.) :
_cSR210.00
020 _a0072933631 :
_cSR00.00
035 _a109
082 0 4 _a658.4038
_bM822 2005
100 1 _aMorgan, James.
245 1 0 _aApplication cases in MIS /
_cJames Morgan.
246 1 _aApplication cases in management information systems.
250 _a5th ed.
260 _aBoston, Mass. :
_bMcGraw-Hill,
_c2005.
300 _axii, 170 p. :
_bill. ;
_c25 cm.
500 _aPrev. ed. : 2002.
650 4 _aManagement information systems.
650 4 _aMIS(Informations systems).
650 4 _aBusiness
_xData processing.
999 _c99
_d99